000 00755nam a2200229Ia 4500
003 GCL
005 20240530103119.0
008 140319s9999 xx 000 0 ara d
040 _aGCL /
_cGCL
082 0 4 _a412
_bف ك
100 1 _aرمضان عبدالتواب
245 1 0 _aكتاب الفرق /
_cرمضان عبدالتواب
260 _a[S.N] :
_bمكتبة الخانجى ،
_c1982
300 _a132 ص
490 _aسلسلة روائع التراث اللغوى
_v0
650 0 4 _aالالفاظ
650 0 4 _aاللغة العربية
650 0 4 _aالمعاجم
650 0 4 _aالدلالة
700 1 _aابن فارس : ابوالحسين احمد بن فارس بن زكريا بن محمد بن حبيب
942 _2ddc
_cBK
999 _c36928
_d36928